| 000 -LEADER |
| fixed length control field |
00718nam a22001217a 4500 |
| 040 ## - CATALOGING SOURCE |
| Transcribing agency |
RUA |
| 100 ## - MAIN ENTRY--AUTHOR NAME |
| Personal name |
SOK KIMHENG,សុខ គឹមហេង |
| 245 ## - TITLE STATEMENT |
| Title |
EFFECTIVENESS OF DIFFERENT SEED RATES AND WEED CONTROL ON PHKA RUMDUOL GRAIN YIELD,ប្រសិទ្ធភាពនៃបរិមាណគ្រាប់ពូជស្រូវដាំដុះកម្រិតផ្សេងៗគ្នានិងការកម្ចាត់ស្មៅលើទិន្នផលស្រូវផ្ការំដួល |
| 260 ## - PUBLICATION, DISTRIBUTION, ETC. (IMPRINT) |
| Place of publication |
PHMOM PENH |
| Name of publisher |
RUA |
| Year of publication |
2019 |
| 300 ## - PHYSICAL DESCRIPTION |
| Number of Pages |
ill, |
| Other physical details |
xii,45p, |
| Dimensions |
29cm, |
| 856 ## - ELECTRONIC LOCATION AND ACCESS |
| Uniform Resource Identifier |
https://drive.google.com/file/d/1lxjfNtS6jYlvpnrZvk0dtSgv6Q-sJPlj/view?usp=sharing |
| 942 ## - ADDED ENTRY ELEMENTS (KOHA) |
| Koha item type |
AGE |
| 952 ## - LOCATION AND ITEM INFORMATION (KOHA) |
| Withdrawn status [LOCAL, KOHA] |
0 |
| 952 ## - LOCATION AND ITEM INFORMATION (KOHA) |
| Withdrawn status [LOCAL, KOHA] |
0 |
| 952 ## - LOCATION AND ITEM INFORMATION (KOHA) |
| Withdrawn status [LOCAL, KOHA] |
0 |
| 952 ## - LOCATION AND ITEM INFORMATION (KOHA) |
| Withdrawn status [LOCAL, KOHA] |
0 |
| 952 ## - LOCATION AND ITEM INFORMATION (KOHA) |
| Withdrawn status [LOCAL, KOHA] |
0 |